<?xml version="1.0" encoding="UTF-8"?>
<record
    xmlns:xsi="http://www.w3.org/2001/XMLSchema-instance"
    xsi:schemaLocation="http://www.loc.gov/MARC21/slim http://www.loc.gov/standards/marcxml/schema/MARC21slim.xsd"
    xmlns="http://www.loc.gov/MARC21/slim">

  <leader>01109nas a2200289 454500</leader>
  <controlfield tag="001">23240</controlfield>
  <controlfield tag="005">20260407193506.0</controlfield>
  <controlfield tag="008">260407s1983####ag###########|||spa#d</controlfield>
  <controlfield tag="003">AR-UNSa-BCEJYS</controlfield>
  <datafield tag="040" ind1=" " ind2=" ">
    <subfield code="a">AR-UNSa-BCEJYS</subfield>
    <subfield code="b">spa</subfield>
    <subfield code="c">AR-UNSa-BCEJYS</subfield>
  </datafield>
  <datafield tag="080" ind1=" " ind2=" ">
    <subfield code="a">330</subfield>
    <subfield code="x">Econom&#xED;a en general</subfield>
  </datafield>
  <datafield tag="245" ind1="1" ind2="0">
    <subfield code="a">Informe econ&#xF3;mico de coyuntura</subfield>
  </datafield>
  <datafield tag="022" ind1=" " ind2=" ">
    <subfield code="a">0327-8174</subfield>
  </datafield>
  <datafield tag="264" ind1=" " ind2="1">
    <subfield code="a">Buenos Aires :</subfield>
    <subfield code="b">Consejo Profesional de Ciencias Econ&#xF3;micas de la Capital Federal, Territorio Nacional de Tierra del Fuego, Ant&#xE1;rtida e Islas del Atl&#xE1;ntico Sur</subfield>
    <subfield code="c">1983</subfield>
  </datafield>
  <datafield tag="310" ind1=" " ind2=" ">
    <subfield code="a">Frecuencia: Mensual</subfield>
  </datafield>
  <datafield tag="942" ind1=" " ind2=" ">
    <subfield code="c">SER</subfield>
  </datafield>
  <datafield tag="590" ind1=" " ind2=" ">
    <subfield code="a">niveau_biblio:s niveau_hierar:1</subfield>
  </datafield>
  <datafield tag="100" ind1="1" ind2=" ">
    <subfield code="a">Consejo Profesional de Ciencias Econ&#xF3;micas de la Ciudad Aut&#xF3;noma de Buenos Aires (CPCECABA)</subfield>
  </datafield>
  <datafield tag="700" ind1="1" ind2=" ">
    <subfield code="a">Roel Mora, Daniel</subfield>
  </datafield>
  <datafield tag="700" ind1="1" ind2=" ">
    <subfield code="a">Chojo Ortiz, Ignacio</subfield>
  </datafield>
  <datafield tag="650" ind1=" " ind2=" ">
    <subfield code="a">Comercio internacional</subfield>
  </datafield>
  <datafield tag="650" ind1=" " ind2=" ">
    <subfield code="a">Datos estad&#xED;sticos</subfield>
  </datafield>
  <datafield tag="650" ind1=" " ind2=" ">
    <subfield code="a">Moneda</subfield>
  </datafield>
  <datafield tag="650" ind1=" " ind2=" ">
    <subfield code="a">COMERCIO EXTERIOR</subfield>
  </datafield>
  <datafield tag="650" ind1=" " ind2=" ">
    <subfield code="a">FINANCIAMIENTO</subfield>
  </datafield>
  <datafield tag="856" ind1="4" ind2="1">
    <subfield code="u">https://biblioeco.unsa.edu.ar/pmb/images/revistas/Informe Economico de Conyuntura.jpg</subfield>
    <subfield code="y">Imagen de portada</subfield>
    <subfield code="q">image/jpeg</subfield>
  </datafield>
  <datafield tag="999" ind1=" " ind2=" ">
    <subfield code="c">8559</subfield>
    <subfield code="d">8559</subfield>
  </datafield>
  <datafield tag="952" ind1=" " ind2=" ">
    <subfield code="0">0</subfield>
    <subfield code="1">0</subfield>
    <subfield code="4">0</subfield>
    <subfield code="7">0</subfield>
    <subfield code="a">BCEJYS</subfield>
    <subfield code="b">BCEJYS</subfield>
    <subfield code="c">17</subfield>
    <subfield code="d">2015-12-01</subfield>
    <subfield code="h">A&#xF1;o 34, N&#xBA; 369 - dic. 2015</subfield>
    <subfield code="l">0</subfield>
    <subfield code="o">H330 COY 369</subfield>
    <subfield code="p">R17757</subfield>
    <subfield code="r">2026-04-10 16:08:12</subfield>
    <subfield code="w">2026-04-10</subfield>
    <subfield code="y">RN</subfield>
  </datafield>
  <datafield tag="952" ind1=" " ind2=" ">
    <subfield code="0">0</subfield>
    <subfield code="1">0</subfield>
    <subfield code="4">0</subfield>
    <subfield code="7">0</subfield>
    <subfield code="a">BCEJYS</subfield>
    <subfield code="b">BCEJYS</subfield>
    <subfield code="c">16</subfield>
    <subfield code="d">2011-04-01</subfield>
    <subfield code="h">A&#xF1;o 29, N&#xBA; 317 - abr. 2011</subfield>
    <subfield code="l">0</subfield>
    <subfield code="o">H330 COY 317</subfield>
    <subfield code="p">R11874</subfield>
    <subfield code="r">2026-04-10 16:08:12</subfield>
    <subfield code="w">2026-04-10</subfield>
    <subfield code="y">RN</subfield>
  </datafield>
  <datafield tag="952" ind1=" " ind2=" ">
    <subfield code="0">0</subfield>
    <subfield code="1">0</subfield>
    <subfield code="4">0</subfield>
    <subfield code="7">0</subfield>
    <subfield code="a">BCEJYS</subfield>
    <subfield code="b">BCEJYS</subfield>
    <subfield code="c">17</subfield>
    <subfield code="d">2002-01-01</subfield>
    <subfield code="h">A&#xF1;o 20, N&#xBA; 216 - ene. 2002</subfield>
    <subfield code="l">0</subfield>
    <subfield code="o">H330 COY 216</subfield>
    <subfield code="p">R11218</subfield>
    <subfield code="r">2026-04-10 16:08:12</subfield>
    <subfield code="w">2026-04-10</subfield>
    <subfield code="y">RN</subfield>
  </datafield>
  <datafield tag="952" ind1=" " ind2=" ">
    <subfield code="0">0</subfield>
    <subfield code="1">0</subfield>
    <subfield code="4">0</subfield>
    <subfield code="7">0</subfield>
    <subfield code="a">BCEJYS</subfield>
    <subfield code="b">BCEJYS</subfield>
    <subfield code="c">17</subfield>
    <subfield code="d">2001-12-01</subfield>
    <subfield code="h">A&#xF1;o 20, N&#xBA; 215 - dic. 2001</subfield>
    <subfield code="l">0</subfield>
    <subfield code="o">H330 COY 215</subfield>
    <subfield code="p">R11217</subfield>
    <subfield code="r">2026-04-10 16:08:12</subfield>
    <subfield code="w">2026-04-10</subfield>
    <subfield code="y">RN</subfield>
  </datafield>
  <datafield tag="952" ind1=" " ind2=" ">
    <subfield code="0">0</subfield>
    <subfield code="1">0</subfield>
    <subfield code="4">0</subfield>
    <subfield code="7">0</subfield>
    <subfield code="a">BCEJYS</subfield>
    <subfield code="b">BCEJYS</subfield>
    <subfield code="c">17</subfield>
    <subfield code="d">2001-11-01</subfield>
    <subfield code="h">A&#xF1;o 20, N&#xBA; 214 - nov. 2001</subfield>
    <subfield code="l">0</subfield>
    <subfield code="o">H330 COY 214</subfield>
    <subfield code="p">R11216</subfield>
    <subfield code="r">2026-04-10 16:08:12</subfield>
    <subfield code="w">2026-04-10</subfield>
    <subfield code="y">RN</subfield>
  </datafield>
  <datafield tag="952" ind1=" " ind2=" ">
    <subfield code="0">0</subfield>
    <subfield code="1">0</subfield>
    <subfield code="4">0</subfield>
    <subfield code="7">0</subfield>
    <subfield code="a">BCEJYS</subfield>
    <subfield code="b">BCEJYS</subfield>
    <subfield code="c">17</subfield>
    <subfield code="d">2001-10-01</subfield>
    <subfield code="h">A&#xF1;o 20, N&#xBA; 213 - oct. 2001</subfield>
    <subfield code="l">0</subfield>
    <subfield code="o">H330 COY 213</subfield>
    <subfield code="p">R11215</subfield>
    <subfield code="r">2026-04-10 16:08:12</subfield>
    <subfield code="w">2026-04-10</subfield>
    <subfield code="y">RN</subfield>
  </datafield>
  <datafield tag="952" ind1=" " ind2=" ">
    <subfield code="0">0</subfield>
    <subfield code="1">0</subfield>
    <subfield code="4">0</subfield>
    <subfield code="7">0</subfield>
    <subfield code="a">BCEJYS</subfield>
    <subfield code="b">BCEJYS</subfield>
    <subfield code="c">17</subfield>
    <subfield code="d">2001-09-01</subfield>
    <subfield code="h">A&#xF1;o 20, N&#xBA; 212 - sep. 2001</subfield>
    <subfield code="l">0</subfield>
    <subfield code="o">H330 COY 212</subfield>
    <subfield code="p">R11214</subfield>
    <subfield code="r">2026-04-10 16:08:12</subfield>
    <subfield code="w">2026-04-10</subfield>
    <subfield code="y">RN</subfield>
  </datafield>
  <datafield tag="952" ind1=" " ind2=" ">
    <subfield code="0">0</subfield>
    <subfield code="1">0</subfield>
    <subfield code="4">0</subfield>
    <subfield code="7">0</subfield>
    <subfield code="a">BCEJYS</subfield>
    <subfield code="b">BCEJYS</subfield>
    <subfield code="c">17</subfield>
    <subfield code="d">2001-08-01</subfield>
    <subfield code="h">A&#xF1;o 20, N&#xBA; 211 - ago. 2001</subfield>
    <subfield code="l">0</subfield>
    <subfield code="o">H330 COY 211</subfield>
    <subfield code="p">R11213</subfield>
    <subfield code="r">2026-04-10 16:08:12</subfield>
    <subfield code="w">2026-04-10</subfield>
    <subfield code="y">RN</subfield>
  </datafield>
  <datafield tag="952" ind1=" " ind2=" ">
    <subfield code="0">0</subfield>
    <subfield code="1">0</subfield>
    <subfield code="4">0</subfield>
    <subfield code="7">0</subfield>
    <subfield code="a">BCEJYS</subfield>
    <subfield code="b">BCEJYS</subfield>
    <subfield code="c">17</subfield>
    <subfield code="d">2001-07-01</subfield>
    <subfield code="h">A&#xF1;o 20, N&#xBA; 210 - jul. 2001</subfield>
    <subfield code="l">0</subfield>
    <subfield code="o">H330 COY 210</subfield>
    <subfield code="p">R11212</subfield>
    <subfield code="r">2026-04-10 16:08:12</subfield>
    <subfield code="w">2026-04-10</subfield>
    <subfield code="y">RN</subfield>
  </datafield>
  <datafield tag="952" ind1=" " ind2=" ">
    <subfield code="0">0</subfield>
    <subfield code="1">0</subfield>
    <subfield code="4">0</subfield>
    <subfield code="7">0</subfield>
    <subfield code="a">BCEJYS</subfield>
    <subfield code="b">BCEJYS</subfield>
    <subfield code="c">17</subfield>
    <subfield code="d">2001-06-01</subfield>
    <subfield code="h">A&#xF1;o 19, N&#xBA; 209 - jun. 2001</subfield>
    <subfield code="l">0</subfield>
    <subfield code="o">H330 COY 209</subfield>
    <subfield code="p">R11211</subfield>
    <subfield code="r">2026-04-10 16:08:12</subfield>
    <subfield code="w">2026-04-10</subfield>
    <subfield code="y">RN</subfield>
  </datafield>
  <datafield tag="952" ind1=" " ind2=" ">
    <subfield code="0">0</subfield>
    <subfield code="1">0</subfield>
    <subfield code="4">0</subfield>
    <subfield code="7">0</subfield>
    <subfield code="a">BCEJYS</subfield>
    <subfield code="b">BCEJYS</subfield>
    <subfield code="c">17</subfield>
    <subfield code="d">2001-05-01</subfield>
    <subfield code="h">A&#xF1;o 19, N&#xBA; 208 - mayo 2001</subfield>
    <subfield code="l">0</subfield>
    <subfield code="o">H330 COY 208</subfield>
    <subfield code="p">R11210</subfield>
    <subfield code="r">2026-04-10 16:08:12</subfield>
    <subfield code="w">2026-04-10</subfield>
    <subfield code="y">RN</subfield>
  </datafield>
  <datafield tag="952" ind1=" " ind2=" ">
    <subfield code="0">0</subfield>
    <subfield code="1">0</subfield>
    <subfield code="4">0</subfield>
    <subfield code="7">0</subfield>
    <subfield code="a">BCEJYS</subfield>
    <subfield code="b">BCEJYS</subfield>
    <subfield code="c">17</subfield>
    <subfield code="d">2001-04-01</subfield>
    <subfield code="h">A&#xF1;o 19, N&#xBA; 207 - abr. 2001</subfield>
    <subfield code="l">0</subfield>
    <subfield code="o">H330 COY 207</subfield>
    <subfield code="p">R11209</subfield>
    <subfield code="r">2026-04-10 16:08:13</subfield>
    <subfield code="w">2026-04-10</subfield>
    <subfield code="y">RN</subfield>
  </datafield>
  <datafield tag="952" ind1=" " ind2=" ">
    <subfield code="0">0</subfield>
    <subfield code="1">0</subfield>
    <subfield code="4">0</subfield>
    <subfield code="7">0</subfield>
    <subfield code="a">BCEJYS</subfield>
    <subfield code="b">BCEJYS</subfield>
    <subfield code="c">17</subfield>
    <subfield code="d">2001-03-01</subfield>
    <subfield code="h">A&#xF1;o 19, N&#xBA; 206 - mar. 2001</subfield>
    <subfield code="l">0</subfield>
    <subfield code="o">H330 COY 206</subfield>
    <subfield code="p">R11208</subfield>
    <subfield code="r">2026-04-10 16:08:13</subfield>
    <subfield code="w">2026-04-10</subfield>
    <subfield code="y">RN</subfield>
  </datafield>
  <datafield tag="952" ind1=" " ind2=" ">
    <subfield code="0">0</subfield>
    <subfield code="1">0</subfield>
    <subfield code="4">0</subfield>
    <subfield code="7">0</subfield>
    <subfield code="a">BCEJYS</subfield>
    <subfield code="b">BCEJYS</subfield>
    <subfield code="c">17</subfield>
    <subfield code="d">2001-01-01</subfield>
    <subfield code="h">A&#xF1;o 19, N&#xBA; 205 - ene. 2001</subfield>
    <subfield code="l">0</subfield>
    <subfield code="o">H330 COY 205</subfield>
    <subfield code="p">R11207</subfield>
    <subfield code="r">2026-04-10 16:08:13</subfield>
    <subfield code="w">2026-04-10</subfield>
    <subfield code="y">RN</subfield>
  </datafield>
  <datafield tag="952" ind1=" " ind2=" ">
    <subfield code="0">0</subfield>
    <subfield code="1">0</subfield>
    <subfield code="4">0</subfield>
    <subfield code="7">0</subfield>
    <subfield code="a">BCEJYS</subfield>
    <subfield code="b">BCEJYS</subfield>
    <subfield code="c">17</subfield>
    <subfield code="d">2000-12-01</subfield>
    <subfield code="h">A&#xF1;o 19, N&#xBA; 204 - dic. 2000</subfield>
    <subfield code="l">0</subfield>
    <subfield code="o">H330 COY 204</subfield>
    <subfield code="p">R11206</subfield>
    <subfield code="r">2026-04-10 16:08:13</subfield>
    <subfield code="w">2026-04-10</subfield>
    <subfield code="y">RN</subfield>
  </datafield>
  <datafield tag="952" ind1=" " ind2=" ">
    <subfield code="0">0</subfield>
    <subfield code="1">0</subfield>
    <subfield code="4">0</subfield>
    <subfield code="7">0</subfield>
    <subfield code="a">BCEJYS</subfield>
    <subfield code="b">BCEJYS</subfield>
    <subfield code="c">17</subfield>
    <subfield code="d">2000-11-01</subfield>
    <subfield code="h">A&#xF1;o 19, N&#xBA; 203 - nov. 2000</subfield>
    <subfield code="l">0</subfield>
    <subfield code="o">H330 COY 203</subfield>
    <subfield code="p">R11205</subfield>
    <subfield code="r">2026-04-10 16:08:13</subfield>
    <subfield code="w">2026-04-10</subfield>
    <subfield code="y">RN</subfield>
  </datafield>
  <datafield tag="952" ind1=" " ind2=" ">
    <subfield code="0">0</subfield>
    <subfield code="1">0</subfield>
    <subfield code="4">0</subfield>
    <subfield code="7">0</subfield>
    <subfield code="a">BCEJYS</subfield>
    <subfield code="b">BCEJYS</subfield>
    <subfield code="c">17</subfield>
    <subfield code="d">2000-10-01</subfield>
    <subfield code="h">A&#xF1;o 19, N&#xBA; 202 - oct. 2000</subfield>
    <subfield code="l">0</subfield>
    <subfield code="o">H330 COY 202</subfield>
    <subfield code="p">R11204</subfield>
    <subfield code="r">2026-04-10 16:08:13</subfield>
    <subfield code="w">2026-04-10</subfield>
    <subfield code="y">RN</subfield>
  </datafield>
  <datafield tag="952" ind1=" " ind2=" ">
    <subfield code="0">0</subfield>
    <subfield code="1">0</subfield>
    <subfield code="4">0</subfield>
    <subfield code="7">0</subfield>
    <subfield code="a">BCEJYS</subfield>
    <subfield code="b">BCEJYS</subfield>
    <subfield code="c">17</subfield>
    <subfield code="d">2000-09-01</subfield>
    <subfield code="h">A&#xF1;o 19, N&#xBA; 201 - sep. 2000</subfield>
    <subfield code="l">0</subfield>
    <subfield code="o">H330 COY 201</subfield>
    <subfield code="p">R11203</subfield>
    <subfield code="r">2026-04-10 16:08:13</subfield>
    <subfield code="w">2026-04-10</subfield>
    <subfield code="y">RN</subfield>
  </datafield>
  <datafield tag="952" ind1=" " ind2=" ">
    <subfield code="0">0</subfield>
    <subfield code="1">0</subfield>
    <subfield code="4">0</subfield>
    <subfield code="7">0</subfield>
    <subfield code="a">BCEJYS</subfield>
    <subfield code="b">BCEJYS</subfield>
    <subfield code="c">17</subfield>
    <subfield code="d">2000-04-01</subfield>
    <subfield code="h">A&#xF1;o 18, N&#xBA; 196 - abr. 2000</subfield>
    <subfield code="l">0</subfield>
    <subfield code="o">H330 COY 196</subfield>
    <subfield code="p">R11202</subfield>
    <subfield code="r">2026-04-10 16:08:13</subfield>
    <subfield code="w">2026-04-10</subfield>
    <subfield code="y">RN</subfield>
  </datafield>
  <datafield tag="952" ind1=" " ind2=" ">
    <subfield code="0">0</subfield>
    <subfield code="1">0</subfield>
    <subfield code="4">0</subfield>
    <subfield code="7">0</subfield>
    <subfield code="a">BCEJYS</subfield>
    <subfield code="b">BCEJYS</subfield>
    <subfield code="c">17</subfield>
    <subfield code="d">2000-03-01</subfield>
    <subfield code="h">A&#xF1;o 18, N&#xBA; 195 - mar. 2000</subfield>
    <subfield code="l">0</subfield>
    <subfield code="o">H330 COY 195</subfield>
    <subfield code="p">R11201</subfield>
    <subfield code="r">2026-04-10 16:08:13</subfield>
    <subfield code="w">2026-04-10</subfield>
    <subfield code="y">RN</subfield>
  </datafield>
  <datafield tag="952" ind1=" " ind2=" ">
    <subfield code="0">0</subfield>
    <subfield code="1">0</subfield>
    <subfield code="4">0</subfield>
    <subfield code="7">0</subfield>
    <subfield code="a">BCEJYS</subfield>
    <subfield code="b">BCEJYS</subfield>
    <subfield code="c">17</subfield>
    <subfield code="d">2000-01-01</subfield>
    <subfield code="h">A&#xF1;o 18, N&#xBA; 194 - ene. 2000</subfield>
    <subfield code="l">0</subfield>
    <subfield code="o">H330 COY 194</subfield>
    <subfield code="p">R11200</subfield>
    <subfield code="r">2026-04-10 16:08:13</subfield>
    <subfield code="w">2026-04-10</subfield>
    <subfield code="y">RN</subfield>
  </datafield>
  <datafield tag="952" ind1=" " ind2=" ">
    <subfield code="0">0</subfield>
    <subfield code="1">0</subfield>
    <subfield code="4">0</subfield>
    <subfield code="7">0</subfield>
    <subfield code="a">BCEJYS</subfield>
    <subfield code="b">BCEJYS</subfield>
    <subfield code="c">16</subfield>
    <subfield code="d">1999-11-01</subfield>
    <subfield code="h">A&#xF1;o 18, N&#xBA; 192 - nov. 1999</subfield>
    <subfield code="l">0</subfield>
    <subfield code="o">H330 COY 192</subfield>
    <subfield code="p">R13757</subfield>
    <subfield code="r">2026-04-10 16:08:13</subfield>
    <subfield code="w">2026-04-10</subfield>
    <subfield code="y">RN</subfield>
  </datafield>
  <datafield tag="952" ind1=" " ind2=" ">
    <subfield code="0">0</subfield>
    <subfield code="1">0</subfield>
    <subfield code="4">0</subfield>
    <subfield code="7">0</subfield>
    <subfield code="a">BCEJYS</subfield>
    <subfield code="b">BCEJYS</subfield>
    <subfield code="c">17</subfield>
    <subfield code="d">1999-10-01</subfield>
    <subfield code="h">A&#xF1;o 18, N&#xBA; 191 - oct. 1999</subfield>
    <subfield code="l">0</subfield>
    <subfield code="o">H330 COY 191</subfield>
    <subfield code="p">R11199</subfield>
    <subfield code="r">2026-04-10 16:08:13</subfield>
    <subfield code="w">2026-04-10</subfield>
    <subfield code="y">RN</subfield>
  </datafield>
  <datafield tag="952" ind1=" " ind2=" ">
    <subfield code="0">0</subfield>
    <subfield code="1">0</subfield>
    <subfield code="4">0</subfield>
    <subfield code="7">0</subfield>
    <subfield code="a">BCEJYS</subfield>
    <subfield code="b">BCEJYS</subfield>
    <subfield code="c">17</subfield>
    <subfield code="d">1999-09-01</subfield>
    <subfield code="h">A&#xF1;o 18, N&#xBA; 190 - sep. 1999</subfield>
    <subfield code="l">0</subfield>
    <subfield code="o">H330 COY 190</subfield>
    <subfield code="p">R11198</subfield>
    <subfield code="r">2026-04-10 16:08:13</subfield>
    <subfield code="w">2026-04-10</subfield>
    <subfield code="y">RN</subfield>
  </datafield>
  <datafield tag="952" ind1=" " ind2=" ">
    <subfield code="0">0</subfield>
    <subfield code="1">0</subfield>
    <subfield code="4">0</subfield>
    <subfield code="7">0</subfield>
    <subfield code="a">BCEJYS</subfield>
    <subfield code="b">BCEJYS</subfield>
    <subfield code="c">17</subfield>
    <subfield code="d">1999-08-01</subfield>
    <subfield code="h">A&#xF1;o 18, N&#xBA; 189 - ago. 1999</subfield>
    <subfield code="l">0</subfield>
    <subfield code="o">H330 COY 189</subfield>
    <subfield code="p">R11197</subfield>
    <subfield code="r">2026-04-10 16:08:13</subfield>
    <subfield code="w">2026-04-10</subfield>
    <subfield code="y">RN</subfield>
  </datafield>
  <datafield tag="952" ind1=" " ind2=" ">
    <subfield code="0">0</subfield>
    <subfield code="1">0</subfield>
    <subfield code="4">0</subfield>
    <subfield code="7">0</subfield>
    <subfield code="a">BCEJYS</subfield>
    <subfield code="b">BCEJYS</subfield>
    <subfield code="c">16</subfield>
    <subfield code="d">1999-07-01</subfield>
    <subfield code="h">A&#xF1;o 17, N&#xBA; 188 - jul. 1999</subfield>
    <subfield code="l">0</subfield>
    <subfield code="o">H330 COY 188</subfield>
    <subfield code="p">R13756</subfield>
    <subfield code="r">2026-04-10 16:08:13</subfield>
    <subfield code="w">2026-04-10</subfield>
    <subfield code="y">RN</subfield>
  </datafield>
  <datafield tag="952" ind1=" " ind2=" ">
    <subfield code="0">0</subfield>
    <subfield code="1">0</subfield>
    <subfield code="4">0</subfield>
    <subfield code="7">0</subfield>
    <subfield code="a">BCEJYS</subfield>
    <subfield code="b">BCEJYS</subfield>
    <subfield code="c">16</subfield>
    <subfield code="d">1999-06-01</subfield>
    <subfield code="h">A&#xF1;o 17, N&#xBA; 187 - jun. 1999</subfield>
    <subfield code="l">0</subfield>
    <subfield code="o">H330 COY 187</subfield>
    <subfield code="p">R13755</subfield>
    <subfield code="r">2026-04-10 16:08:13</subfield>
    <subfield code="w">2026-04-10</subfield>
    <subfield code="y">RN</subfield>
  </datafield>
  <datafield tag="952" ind1=" " ind2=" ">
    <subfield code="0">0</subfield>
    <subfield code="1">0</subfield>
    <subfield code="4">0</subfield>
    <subfield code="7">0</subfield>
    <subfield code="a">BCEJYS</subfield>
    <subfield code="b">BCEJYS</subfield>
    <subfield code="c">17</subfield>
    <subfield code="d">1999-05-01</subfield>
    <subfield code="h">A&#xF1;o 17, N&#xBA; 186 - mayo 1999</subfield>
    <subfield code="l">0</subfield>
    <subfield code="o">H330 COY 186</subfield>
    <subfield code="p">R11196</subfield>
    <subfield code="r">2026-04-10 16:08:13</subfield>
    <subfield code="w">2026-04-10</subfield>
    <subfield code="y">RN</subfield>
  </datafield>
  <datafield tag="952" ind1=" " ind2=" ">
    <subfield code="0">0</subfield>
    <subfield code="1">0</subfield>
    <subfield code="4">0</subfield>
    <subfield code="7">0</subfield>
    <subfield code="a">BCEJYS</subfield>
    <subfield code="b">BCEJYS</subfield>
    <subfield code="c">16</subfield>
    <subfield code="d">1998-11-01</subfield>
    <subfield code="h">A&#xF1;o 17, N&#xBA; 181 - nov. 1998</subfield>
    <subfield code="l">0</subfield>
    <subfield code="o">H330 COY 181</subfield>
    <subfield code="p">R13754</subfield>
    <subfield code="r">2026-04-10 16:08:13</subfield>
    <subfield code="w">2026-04-10</subfield>
    <subfield code="y">RN</subfield>
  </datafield>
  <datafield tag="952" ind1=" " ind2=" ">
    <subfield code="0">0</subfield>
    <subfield code="1">0</subfield>
    <subfield code="4">0</subfield>
    <subfield code="7">0</subfield>
    <subfield code="a">BCEJYS</subfield>
    <subfield code="b">BCEJYS</subfield>
    <subfield code="c">17</subfield>
    <subfield code="d">1998-10-01</subfield>
    <subfield code="h">A&#xF1;o 17, N&#xBA; 180 - oct. 1998</subfield>
    <subfield code="l">0</subfield>
    <subfield code="o">H330 COY 180</subfield>
    <subfield code="p">R11195</subfield>
    <subfield code="r">2026-04-10 16:08:13</subfield>
    <subfield code="w">2026-04-10</subfield>
    <subfield code="y">RN</subfield>
  </datafield>
  <datafield tag="952" ind1=" " ind2=" ">
    <subfield code="0">0</subfield>
    <subfield code="1">0</subfield>
    <subfield code="4">0</subfield>
    <subfield code="7">0</subfield>
    <subfield code="a">BCEJYS</subfield>
    <subfield code="b">BCEJYS</subfield>
    <subfield code="c">17</subfield>
    <subfield code="d">1998-08-01</subfield>
    <subfield code="h">A&#xF1;o 17, N&#xBA; 178 - ago. 1998</subfield>
    <subfield code="l">0</subfield>
    <subfield code="o">H330 COY 178</subfield>
    <subfield code="p">R11194</subfield>
    <subfield code="r">2026-04-10 16:08:13</subfield>
    <subfield code="w">2026-04-10</subfield>
    <subfield code="y">RN</subfield>
  </datafield>
  <datafield tag="952" ind1=" " ind2=" ">
    <subfield code="0">0</subfield>
    <subfield code="1">0</subfield>
    <subfield code="4">0</subfield>
    <subfield code="7">0</subfield>
    <subfield code="a">BCEJYS</subfield>
    <subfield code="b">BCEJYS</subfield>
    <subfield code="c">16</subfield>
    <subfield code="d">1998-07-01</subfield>
    <subfield code="h">A&#xF1;o 17, N&#xBA; 177 - jul. 1998</subfield>
    <subfield code="l">0</subfield>
    <subfield code="o">H330 COY 177</subfield>
    <subfield code="p">R13753</subfield>
    <subfield code="r">2026-04-10 16:08:13</subfield>
    <subfield code="w">2026-04-10</subfield>
    <subfield code="y">RN</subfield>
  </datafield>
  <datafield tag="952" ind1=" " ind2=" ">
    <subfield code="0">0</subfield>
    <subfield code="1">0</subfield>
    <subfield code="4">0</subfield>
    <subfield code="7">0</subfield>
    <subfield code="a">BCEJYS</subfield>
    <subfield code="b">BCEJYS</subfield>
    <subfield code="c">17</subfield>
    <subfield code="d">1998-06-01</subfield>
    <subfield code="h">A&#xF1;o 16, N&#xBA; 176 - jun. 1998</subfield>
    <subfield code="l">0</subfield>
    <subfield code="o">H330 COY 176</subfield>
    <subfield code="p">R11193</subfield>
    <subfield code="r">2026-04-10 16:08:13</subfield>
    <subfield code="w">2026-04-10</subfield>
    <subfield code="y">RN</subfield>
  </datafield>
  <datafield tag="952" ind1=" " ind2=" ">
    <subfield code="0">0</subfield>
    <subfield code="1">0</subfield>
    <subfield code="4">0</subfield>
    <subfield code="7">0</subfield>
    <subfield code="a">BCEJYS</subfield>
    <subfield code="b">BCEJYS</subfield>
    <subfield code="c">16</subfield>
    <subfield code="d">1998-05-01</subfield>
    <subfield code="h">A&#xF1;o 16, N&#xBA; 175 - mayo 1998</subfield>
    <subfield code="l">0</subfield>
    <subfield code="o">H330 COY 175</subfield>
    <subfield code="p">R13752</subfield>
    <subfield code="r">2026-04-10 16:08:13</subfield>
    <subfield code="w">2026-04-10</subfield>
    <subfield code="y">RN</subfield>
  </datafield>
  <datafield tag="952" ind1=" " ind2=" ">
    <subfield code="0">0</subfield>
    <subfield code="1">0</subfield>
    <subfield code="4">0</subfield>
    <subfield code="7">0</subfield>
    <subfield code="a">BCEJYS</subfield>
    <subfield code="b">BCEJYS</subfield>
    <subfield code="c">17</subfield>
    <subfield code="d">1998-04-01</subfield>
    <subfield code="h">A&#xF1;o 16, N&#xBA; 174 - abr. 1998</subfield>
    <subfield code="l">0</subfield>
    <subfield code="o">H330 COY 174</subfield>
    <subfield code="p">R11192</subfield>
    <subfield code="r">2026-04-10 16:08:13</subfield>
    <subfield code="w">2026-04-10</subfield>
    <subfield code="y">RN</subfield>
  </datafield>
  <datafield tag="952" ind1=" " ind2=" ">
    <subfield code="0">0</subfield>
    <subfield code="1">0</subfield>
    <subfield code="4">0</subfield>
    <subfield code="7">0</subfield>
    <subfield code="a">BCEJYS</subfield>
    <subfield code="b">BCEJYS</subfield>
    <subfield code="c">17</subfield>
    <subfield code="d">1998-03-01</subfield>
    <subfield code="h">A&#xF1;o 16, N&#xBA; 173 - mar. 1998</subfield>
    <subfield code="l">0</subfield>
    <subfield code="o">H330 COY 173</subfield>
    <subfield code="p">R11191</subfield>
    <subfield code="r">2026-04-10 16:08:13</subfield>
    <subfield code="w">2026-04-10</subfield>
    <subfield code="y">RN</subfield>
  </datafield>
  <datafield tag="952" ind1=" " ind2=" ">
    <subfield code="0">0</subfield>
    <subfield code="1">0</subfield>
    <subfield code="4">0</subfield>
    <subfield code="7">0</subfield>
    <subfield code="a">BCEJYS</subfield>
    <subfield code="b">BCEJYS</subfield>
    <subfield code="c">17</subfield>
    <subfield code="d">1998-01-01</subfield>
    <subfield code="h">A&#xF1;o 16, N&#xBA; 172 - ene. 1998</subfield>
    <subfield code="l">0</subfield>
    <subfield code="o">H330 COY 172</subfield>
    <subfield code="p">R11190</subfield>
    <subfield code="r">2026-04-10 16:08:13</subfield>
    <subfield code="w">2026-04-10</subfield>
    <subfield code="y">RN</subfield>
  </datafield>
  <datafield tag="952" ind1=" " ind2=" ">
    <subfield code="0">0</subfield>
    <subfield code="1">0</subfield>
    <subfield code="4">0</subfield>
    <subfield code="7">0</subfield>
    <subfield code="a">BCEJYS</subfield>
    <subfield code="b">BCEJYS</subfield>
    <subfield code="c">17</subfield>
    <subfield code="d">1997-12-01</subfield>
    <subfield code="h">A&#xF1;o 16, N&#xBA; 171 - dic. 1997</subfield>
    <subfield code="l">0</subfield>
    <subfield code="o">H330 COY 171</subfield>
    <subfield code="p">R11189</subfield>
    <subfield code="r">2026-04-10 16:08:13</subfield>
    <subfield code="w">2026-04-10</subfield>
    <subfield code="y">RN</subfield>
  </datafield>
  <datafield tag="952" ind1=" " ind2=" ">
    <subfield code="0">0</subfield>
    <subfield code="1">0</subfield>
    <subfield code="4">0</subfield>
    <subfield code="7">0</subfield>
    <subfield code="a">BCEJYS</subfield>
    <subfield code="b">BCEJYS</subfield>
    <subfield code="c">17</subfield>
    <subfield code="d">1997-11-01</subfield>
    <subfield code="h">A&#xF1;o 16, N&#xBA; 170 - nov. 1997</subfield>
    <subfield code="l">0</subfield>
    <subfield code="o">H330 COY 170</subfield>
    <subfield code="p">R11188</subfield>
    <subfield code="r">2026-04-10 16:08:13</subfield>
    <subfield code="w">2026-04-10</subfield>
    <subfield code="y">RN</subfield>
  </datafield>
  <datafield tag="952" ind1=" " ind2=" ">
    <subfield code="0">0</subfield>
    <subfield code="1">0</subfield>
    <subfield code="4">0</subfield>
    <subfield code="7">0</subfield>
    <subfield code="a">BCEJYS</subfield>
    <subfield code="b">BCEJYS</subfield>
    <subfield code="c">17</subfield>
    <subfield code="d">1997-08-01</subfield>
    <subfield code="h">A&#xF1;o 16, N&#xBA; 167 - ago. 1997</subfield>
    <subfield code="l">0</subfield>
    <subfield code="o">H330 COY 167</subfield>
    <subfield code="p">R11187</subfield>
    <subfield code="r">2026-04-10 16:08:13</subfield>
    <subfield code="w">2026-04-10</subfield>
    <subfield code="y">RN</subfield>
  </datafield>
  <datafield tag="952" ind1=" " ind2=" ">
    <subfield code="0">0</subfield>
    <subfield code="1">0</subfield>
    <subfield code="4">0</subfield>
    <subfield code="7">0</subfield>
    <subfield code="a">BCEJYS</subfield>
    <subfield code="b">BCEJYS</subfield>
    <subfield code="c">17</subfield>
    <subfield code="d">1997-05-01</subfield>
    <subfield code="h">A&#xF1;o 15, N&#xBA; 164 - mayo 1997</subfield>
    <subfield code="l">0</subfield>
    <subfield code="o">H330 COY 164</subfield>
    <subfield code="p">R11186</subfield>
    <subfield code="r">2026-04-10 16:08:13</subfield>
    <subfield code="w">2026-04-10</subfield>
    <subfield code="y">RN</subfield>
  </datafield>
  <datafield tag="952" ind1=" " ind2=" ">
    <subfield code="0">0</subfield>
    <subfield code="1">0</subfield>
    <subfield code="4">0</subfield>
    <subfield code="7">0</subfield>
    <subfield code="a">BCEJYS</subfield>
    <subfield code="b">BCEJYS</subfield>
    <subfield code="c">17</subfield>
    <subfield code="d">1997-03-01</subfield>
    <subfield code="h">A&#xF1;o 15, N&#xBA; 162 - mar. 1997</subfield>
    <subfield code="l">0</subfield>
    <subfield code="o">H330 COY 162</subfield>
    <subfield code="p">R11185</subfield>
    <subfield code="r">2026-04-10 16:08:13</subfield>
    <subfield code="w">2026-04-10</subfield>
    <subfield code="y">RN</subfield>
  </datafield>
  <datafield tag="952" ind1=" " ind2=" ">
    <subfield code="0">0</subfield>
    <subfield code="1">0</subfield>
    <subfield code="4">0</subfield>
    <subfield code="7">0</subfield>
    <subfield code="a">BCEJYS</subfield>
    <subfield code="b">BCEJYS</subfield>
    <subfield code="c">17</subfield>
    <subfield code="d">1996-12-01</subfield>
    <subfield code="h">A&#xF1;o 15, N&#xBA; 160 - dic. 1996</subfield>
    <subfield code="l">0</subfield>
    <subfield code="o">H330 COY 160</subfield>
    <subfield code="p">R11184</subfield>
    <subfield code="r">2026-04-10 16:08:13</subfield>
    <subfield code="w">2026-04-10</subfield>
    <subfield code="y">RN</subfield>
  </datafield>
  <datafield tag="952" ind1=" " ind2=" ">
    <subfield code="0">0</subfield>
    <subfield code="1">0</subfield>
    <subfield code="4">0</subfield>
    <subfield code="7">0</subfield>
    <subfield code="a">BCEJYS</subfield>
    <subfield code="b">BCEJYS</subfield>
    <subfield code="c">17</subfield>
    <subfield code="d">1996-09-01</subfield>
    <subfield code="h">A&#xF1;o 15, N&#xBA; 157 - sep. 1996</subfield>
    <subfield code="l">0</subfield>
    <subfield code="o">H330 COY 157</subfield>
    <subfield code="p">R11183</subfield>
    <subfield code="r">2026-04-10 16:08:13</subfield>
    <subfield code="w">2026-04-10</subfield>
    <subfield code="y">RN</subfield>
  </datafield>
  <datafield tag="952" ind1=" " ind2=" ">
    <subfield code="0">0</subfield>
    <subfield code="1">0</subfield>
    <subfield code="4">0</subfield>
    <subfield code="7">0</subfield>
    <subfield code="a">BCEJYS</subfield>
    <subfield code="b">BCEJYS</subfield>
    <subfield code="c">17</subfield>
    <subfield code="d">1996-08-01</subfield>
    <subfield code="h">A&#xF1;o 15, N&#xBA; 156 - ago. 1996</subfield>
    <subfield code="l">0</subfield>
    <subfield code="o">H330 COY 156</subfield>
    <subfield code="p">R11182</subfield>
    <subfield code="r">2026-04-10 16:08:13</subfield>
    <subfield code="w">2026-04-10</subfield>
    <subfield code="y">RN</subfield>
  </datafield>
  <datafield tag="952" ind1=" " ind2=" ">
    <subfield code="0">0</subfield>
    <subfield code="1">0</subfield>
    <subfield code="4">0</subfield>
    <subfield code="7">0</subfield>
    <subfield code="a">BCEJYS</subfield>
    <subfield code="b">BCEJYS</subfield>
    <subfield code="c">17</subfield>
    <subfield code="d">1996-04-01</subfield>
    <subfield code="h">A&#xF1;o 14, N&#xBA; 152 - abr. 1996</subfield>
    <subfield code="l">0</subfield>
    <subfield code="o">H330 COY 152</subfield>
    <subfield code="p">R11181</subfield>
    <subfield code="r">2026-04-10 16:08:13</subfield>
    <subfield code="w">2026-04-10</subfield>
    <subfield code="y">RN</subfield>
  </datafield>
  <datafield tag="952" ind1=" " ind2=" ">
    <subfield code="0">0</subfield>
    <subfield code="1">0</subfield>
    <subfield code="4">0</subfield>
    <subfield code="7">0</subfield>
    <subfield code="a">BCEJYS</subfield>
    <subfield code="b">BCEJYS</subfield>
    <subfield code="c">17</subfield>
    <subfield code="d">1996-03-01</subfield>
    <subfield code="h">A&#xF1;o 14, N&#xBA; 151 - mar. 1996</subfield>
    <subfield code="l">0</subfield>
    <subfield code="o">H330 COY 151</subfield>
    <subfield code="p">R12026</subfield>
    <subfield code="r">2026-04-10 16:08:13</subfield>
    <subfield code="w">2026-04-10</subfield>
    <subfield code="y">RN</subfield>
  </datafield>
  <datafield tag="952" ind1=" " ind2=" ">
    <subfield code="0">0</subfield>
    <subfield code="1">0</subfield>
    <subfield code="4">0</subfield>
    <subfield code="7">0</subfield>
    <subfield code="a">BCEJYS</subfield>
    <subfield code="b">BCEJYS</subfield>
    <subfield code="c">17</subfield>
    <subfield code="d">1996-01-01</subfield>
    <subfield code="h">A&#xF1;o 14, N&#xBA; 150 - ene. 1996</subfield>
    <subfield code="l">0</subfield>
    <subfield code="o">H330 COY 150</subfield>
    <subfield code="p">R11180</subfield>
    <subfield code="r">2026-04-10 16:08:13</subfield>
    <subfield code="w">2026-04-10</subfield>
    <subfield code="y">RN</subfield>
  </datafield>
  <datafield tag="952" ind1=" " ind2=" ">
    <subfield code="0">0</subfield>
    <subfield code="1">0</subfield>
    <subfield code="4">0</subfield>
    <subfield code="7">0</subfield>
    <subfield code="a">BCEJYS</subfield>
    <subfield code="b">BCEJYS</subfield>
    <subfield code="c">17</subfield>
    <subfield code="d">1995-12-01</subfield>
    <subfield code="h">A&#xF1;o 14, N&#xBA; 149 - dic. 1995</subfield>
    <subfield code="l">0</subfield>
    <subfield code="o">H330 COY 149</subfield>
    <subfield code="p">R11179</subfield>
    <subfield code="r">2026-04-10 16:08:13</subfield>
    <subfield code="w">2026-04-10</subfield>
    <subfield code="y">RN</subfield>
  </datafield>
  <datafield tag="952" ind1=" " ind2=" ">
    <subfield code="0">0</subfield>
    <subfield code="1">0</subfield>
    <subfield code="4">0</subfield>
    <subfield code="7">0</subfield>
    <subfield code="a">BCEJYS</subfield>
    <subfield code="b">BCEJYS</subfield>
    <subfield code="c">17</subfield>
    <subfield code="d">1995-11-01</subfield>
    <subfield code="h">A&#xF1;o 14, N&#xBA; 148 - nov. 1995</subfield>
    <subfield code="l">0</subfield>
    <subfield code="o">H330 COY 148</subfield>
    <subfield code="p">R11178</subfield>
    <subfield code="r">2026-04-10 16:08:13</subfield>
    <subfield code="w">2026-04-10</subfield>
    <subfield code="y">RN</subfield>
  </datafield>
  <datafield tag="952" ind1=" " ind2=" ">
    <subfield code="0">0</subfield>
    <subfield code="1">0</subfield>
    <subfield code="4">0</subfield>
    <subfield code="7">0</subfield>
    <subfield code="a">BCEJYS</subfield>
    <subfield code="b">BCEJYS</subfield>
    <subfield code="c">17</subfield>
    <subfield code="d">1995-10-01</subfield>
    <subfield code="h">A&#xF1;o 14, N&#xBA; 147 - oct. 1995</subfield>
    <subfield code="l">0</subfield>
    <subfield code="o">H330 COY 147</subfield>
    <subfield code="p">R11177</subfield>
    <subfield code="r">2026-04-10 16:08:13</subfield>
    <subfield code="w">2026-04-10</subfield>
    <subfield code="y">RN</subfield>
  </datafield>
  <datafield tag="952" ind1=" " ind2=" ">
    <subfield code="0">0</subfield>
    <subfield code="1">0</subfield>
    <subfield code="4">0</subfield>
    <subfield code="7">0</subfield>
    <subfield code="a">BCEJYS</subfield>
    <subfield code="b">BCEJYS</subfield>
    <subfield code="c">17</subfield>
    <subfield code="d">1995-09-01</subfield>
    <subfield code="h">A&#xF1;o 14, N&#xBA; 146 - sep. 1995</subfield>
    <subfield code="l">0</subfield>
    <subfield code="o">H330 COY 146</subfield>
    <subfield code="p">R11176</subfield>
    <subfield code="r">2026-04-10 16:08:13</subfield>
    <subfield code="w">2026-04-10</subfield>
    <subfield code="y">RN</subfield>
  </datafield>
  <datafield tag="952" ind1=" " ind2=" ">
    <subfield code="0">0</subfield>
    <subfield code="1">0</subfield>
    <subfield code="4">0</subfield>
    <subfield code="7">0</subfield>
    <subfield code="a">BCEJYS</subfield>
    <subfield code="b">BCEJYS</subfield>
    <subfield code="c">17</subfield>
    <subfield code="d">1995-08-01</subfield>
    <subfield code="h">A&#xF1;o 14, N&#xBA; 145 - ago. 1995</subfield>
    <subfield code="l">0</subfield>
    <subfield code="o">H330 COY 145</subfield>
    <subfield code="p">R11175</subfield>
    <subfield code="r">2026-04-10 16:08:13</subfield>
    <subfield code="w">2026-04-10</subfield>
    <subfield code="y">RN</subfield>
  </datafield>
  <datafield tag="952" ind1=" " ind2=" ">
    <subfield code="0">0</subfield>
    <subfield code="1">0</subfield>
    <subfield code="4">0</subfield>
    <subfield code="7">0</subfield>
    <subfield code="a">BCEJYS</subfield>
    <subfield code="b">BCEJYS</subfield>
    <subfield code="c">17</subfield>
    <subfield code="d">1995-07-01</subfield>
    <subfield code="h">A&#xF1;o 14, N&#xBA; 144 - jul. 1995</subfield>
    <subfield code="l">0</subfield>
    <subfield code="o">H330 COY 144</subfield>
    <subfield code="p">R11174</subfield>
    <subfield code="r">2026-04-10 16:08:13</subfield>
    <subfield code="w">2026-04-10</subfield>
    <subfield code="y">RN</subfield>
  </datafield>
  <datafield tag="952" ind1=" " ind2=" ">
    <subfield code="0">0</subfield>
    <subfield code="1">0</subfield>
    <subfield code="4">0</subfield>
    <subfield code="7">0</subfield>
    <subfield code="a">BCEJYS</subfield>
    <subfield code="b">BCEJYS</subfield>
    <subfield code="c">17</subfield>
    <subfield code="d">1994-12-01</subfield>
    <subfield code="h">A&#xF1;o 13, N&#xBA; 138 - dic. 1994</subfield>
    <subfield code="l">0</subfield>
    <subfield code="o">H330 COY 138</subfield>
    <subfield code="p">R11173</subfield>
    <subfield code="r">2026-04-10 16:08:13</subfield>
    <subfield code="w">2026-04-10</subfield>
    <subfield code="y">RN</subfield>
  </datafield>
  <datafield tag="952" ind1=" " ind2=" ">
    <subfield code="0">0</subfield>
    <subfield code="1">0</subfield>
    <subfield code="4">0</subfield>
    <subfield code="7">0</subfield>
    <subfield code="a">BCEJYS</subfield>
    <subfield code="b">BCEJYS</subfield>
    <subfield code="c">17</subfield>
    <subfield code="d">1994-08-01</subfield>
    <subfield code="h">A&#xF1;o 13, N&#xBA; 134 - ago. 1994</subfield>
    <subfield code="l">0</subfield>
    <subfield code="o">H330 COY 134</subfield>
    <subfield code="p">R11172</subfield>
    <subfield code="r">2026-04-10 16:08:13</subfield>
    <subfield code="w">2026-04-10</subfield>
    <subfield code="y">RN</subfield>
  </datafield>
  <datafield tag="952" ind1=" " ind2=" ">
    <subfield code="0">0</subfield>
    <subfield code="1">0</subfield>
    <subfield code="4">0</subfield>
    <subfield code="7">0</subfield>
    <subfield code="a">BCEJYS</subfield>
    <subfield code="b">BCEJYS</subfield>
    <subfield code="c">17</subfield>
    <subfield code="d">1994-07-01</subfield>
    <subfield code="h">A&#xF1;o 13, N&#xBA; 133 - jul. 1994</subfield>
    <subfield code="l">0</subfield>
    <subfield code="o">H330 COY 133</subfield>
    <subfield code="p">R11171</subfield>
    <subfield code="r">2026-04-10 16:08:13</subfield>
    <subfield code="w">2026-04-10</subfield>
    <subfield code="y">RN</subfield>
  </datafield>
  <datafield tag="952" ind1=" " ind2=" ">
    <subfield code="0">0</subfield>
    <subfield code="1">0</subfield>
    <subfield code="4">0</subfield>
    <subfield code="7">0</subfield>
    <subfield code="a">BCEJYS</subfield>
    <subfield code="b">BCEJYS</subfield>
    <subfield code="c">17</subfield>
    <subfield code="d">1994-06-01</subfield>
    <subfield code="h">A&#xF1;o 12, N&#xBA; 132 - jun. 1994</subfield>
    <subfield code="l">0</subfield>
    <subfield code="o">H330 COY 132</subfield>
    <subfield code="p">R11170</subfield>
    <subfield code="r">2026-04-10 16:08:13</subfield>
    <subfield code="w">2026-04-10</subfield>
    <subfield code="y">RN</subfield>
  </datafield>
  <datafield tag="952" ind1=" " ind2=" ">
    <subfield code="0">0</subfield>
    <subfield code="1">0</subfield>
    <subfield code="4">0</subfield>
    <subfield code="7">0</subfield>
    <subfield code="a">BCEJYS</subfield>
    <subfield code="b">BCEJYS</subfield>
    <subfield code="c">17</subfield>
    <subfield code="d">1994-05-01</subfield>
    <subfield code="h">A&#xF1;o 12, N&#xBA; 131 - mayo 1994</subfield>
    <subfield code="l">0</subfield>
    <subfield code="o">H330 COY 131</subfield>
    <subfield code="p">R11169</subfield>
    <subfield code="r">2026-04-10 16:08:13</subfield>
    <subfield code="w">2026-04-10</subfield>
    <subfield code="y">RN</subfield>
  </datafield>
  <datafield tag="952" ind1=" " ind2=" ">
    <subfield code="0">0</subfield>
    <subfield code="1">0</subfield>
    <subfield code="4">0</subfield>
    <subfield code="7">0</subfield>
    <subfield code="a">BCEJYS</subfield>
    <subfield code="b">BCEJYS</subfield>
    <subfield code="c">17</subfield>
    <subfield code="d">1994-04-01</subfield>
    <subfield code="h">A&#xF1;o 12, N&#xBA; 130 - abr. 1994</subfield>
    <subfield code="l">0</subfield>
    <subfield code="o">H330 COY 130</subfield>
    <subfield code="p">R11168</subfield>
    <subfield code="r">2026-04-10 16:08:13</subfield>
    <subfield code="w">2026-04-10</subfield>
    <subfield code="y">RN</subfield>
  </datafield>
  <datafield tag="952" ind1=" " ind2=" ">
    <subfield code="0">0</subfield>
    <subfield code="1">0</subfield>
    <subfield code="4">0</subfield>
    <subfield code="7">0</subfield>
    <subfield code="a">BCEJYS</subfield>
    <subfield code="b">BCEJYS</subfield>
    <subfield code="c">17</subfield>
    <subfield code="d">1994-03-01</subfield>
    <subfield code="h">A&#xF1;o 12, N&#xBA; 129 - mar. 1994</subfield>
    <subfield code="l">0</subfield>
    <subfield code="o">H330 COY 129</subfield>
    <subfield code="p">R11167</subfield>
    <subfield code="r">2026-04-10 16:08:13</subfield>
    <subfield code="w">2026-04-10</subfield>
    <subfield code="y">RN</subfield>
  </datafield>
  <datafield tag="952" ind1=" " ind2=" ">
    <subfield code="0">0</subfield>
    <subfield code="1">0</subfield>
    <subfield code="4">0</subfield>
    <subfield code="7">0</subfield>
    <subfield code="a">BCEJYS</subfield>
    <subfield code="b">BCEJYS</subfield>
    <subfield code="c">17</subfield>
    <subfield code="d">1993-12-01</subfield>
    <subfield code="h">A&#xF1;o 12, N&#xBA; 128 - dic. 1993</subfield>
    <subfield code="l">0</subfield>
    <subfield code="o">H330 COY 128</subfield>
    <subfield code="p">R11166</subfield>
    <subfield code="r">2026-04-10 16:08:13</subfield>
    <subfield code="w">2026-04-10</subfield>
    <subfield code="y">RN</subfield>
  </datafield>
  <datafield tag="952" ind1=" " ind2=" ">
    <subfield code="0">0</subfield>
    <subfield code="1">0</subfield>
    <subfield code="4">0</subfield>
    <subfield code="7">0</subfield>
    <subfield code="a">BCEJYS</subfield>
    <subfield code="b">BCEJYS</subfield>
    <subfield code="c">17</subfield>
    <subfield code="d">1993-11-01</subfield>
    <subfield code="h">A&#xF1;o 12, N&#xBA; 127 - nov. 1993</subfield>
    <subfield code="l">0</subfield>
    <subfield code="o">H330 COY 127</subfield>
    <subfield code="p">R11165</subfield>
    <subfield code="r">2026-04-10 16:08:13</subfield>
    <subfield code="w">2026-04-10</subfield>
    <subfield code="y">RN</subfield>
  </datafield>
  <datafield tag="952" ind1=" " ind2=" ">
    <subfield code="0">0</subfield>
    <subfield code="1">0</subfield>
    <subfield code="4">0</subfield>
    <subfield code="7">0</subfield>
    <subfield code="a">BCEJYS</subfield>
    <subfield code="b">BCEJYS</subfield>
    <subfield code="c">17</subfield>
    <subfield code="d">1993-10-01</subfield>
    <subfield code="h">A&#xF1;o 12, N&#xBA; 126 - oct. 1993</subfield>
    <subfield code="l">0</subfield>
    <subfield code="o">H330 COY 126</subfield>
    <subfield code="p">R11164</subfield>
    <subfield code="r">2026-04-10 16:08:13</subfield>
    <subfield code="w">2026-04-10</subfield>
    <subfield code="y">RN</subfield>
  </datafield>
  <datafield tag="952" ind1=" " ind2=" ">
    <subfield code="0">0</subfield>
    <subfield code="1">0</subfield>
    <subfield code="4">0</subfield>
    <subfield code="7">0</subfield>
    <subfield code="a">BCEJYS</subfield>
    <subfield code="b">BCEJYS</subfield>
    <subfield code="c">17</subfield>
    <subfield code="d">1993-08-01</subfield>
    <subfield code="h">A&#xF1;o 12, N&#xBA; 124 - ago. 1993</subfield>
    <subfield code="l">0</subfield>
    <subfield code="o">H330 COY 124</subfield>
    <subfield code="p">R11163</subfield>
    <subfield code="r">2026-04-10 16:08:13</subfield>
    <subfield code="w">2026-04-10</subfield>
    <subfield code="y">RN</subfield>
  </datafield>
  <datafield tag="952" ind1=" " ind2=" ">
    <subfield code="0">0</subfield>
    <subfield code="1">0</subfield>
    <subfield code="4">0</subfield>
    <subfield code="7">0</subfield>
    <subfield code="a">BCEJYS</subfield>
    <subfield code="b">BCEJYS</subfield>
    <subfield code="c">17</subfield>
    <subfield code="d">1993-07-01</subfield>
    <subfield code="h">A&#xF1;o 12, N&#xBA; 123 - jul. 1993</subfield>
    <subfield code="l">0</subfield>
    <subfield code="o">H330 COY 123</subfield>
    <subfield code="p">R11162</subfield>
    <subfield code="r">2026-04-10 16:08:13</subfield>
    <subfield code="w">2026-04-10</subfield>
    <subfield code="y">RN</subfield>
  </datafield>
  <datafield tag="952" ind1=" " ind2=" ">
    <subfield code="0">0</subfield>
    <subfield code="1">0</subfield>
    <subfield code="4">0</subfield>
    <subfield code="7">0</subfield>
    <subfield code="a">BCEJYS</subfield>
    <subfield code="b">BCEJYS</subfield>
    <subfield code="c">17</subfield>
    <subfield code="d">1993-03-01</subfield>
    <subfield code="h">A&#xF1;o 11, N&#xBA; 119 - mar. 1993</subfield>
    <subfield code="l">0</subfield>
    <subfield code="o">H330 COY 119</subfield>
    <subfield code="p">R11161</subfield>
    <subfield code="r">2026-04-10 16:08:13</subfield>
    <subfield code="w">2026-04-10</subfield>
    <subfield code="y">RN</subfield>
  </datafield>
  <datafield tag="952" ind1=" " ind2=" ">
    <subfield code="0">0</subfield>
    <subfield code="1">0</subfield>
    <subfield code="4">0</subfield>
    <subfield code="7">0</subfield>
    <subfield code="a">BCEJYS</subfield>
    <subfield code="b">BCEJYS</subfield>
    <subfield code="c">17</subfield>
    <subfield code="d">1993-02-01</subfield>
    <subfield code="h">A&#xF1;o 11, N&#xBA; 118 - feb. 1993</subfield>
    <subfield code="l">0</subfield>
    <subfield code="o">H330 COY 118</subfield>
    <subfield code="p">R11160</subfield>
    <subfield code="r">2026-04-10 16:08:13</subfield>
    <subfield code="w">2026-04-10</subfield>
    <subfield code="y">RN</subfield>
  </datafield>
  <datafield tag="952" ind1=" " ind2=" ">
    <subfield code="0">0</subfield>
    <subfield code="1">0</subfield>
    <subfield code="4">0</subfield>
    <subfield code="7">0</subfield>
    <subfield code="a">BCEJYS</subfield>
    <subfield code="b">BCEJYS</subfield>
    <subfield code="c">17</subfield>
    <subfield code="d">1992-09-01</subfield>
    <subfield code="h">A&#xF1;o 11, N&#xBA; 114 - sep. 1992</subfield>
    <subfield code="l">0</subfield>
    <subfield code="o">H330 COY 114</subfield>
    <subfield code="p">R11159</subfield>
    <subfield code="r">2026-04-10 16:08:13</subfield>
    <subfield code="w">2026-04-10</subfield>
    <subfield code="y">RN</subfield>
  </datafield>
  <datafield tag="952" ind1=" " ind2=" ">
    <subfield code="0">0</subfield>
    <subfield code="1">0</subfield>
    <subfield code="4">0</subfield>
    <subfield code="7">0</subfield>
    <subfield code="a">BCEJYS</subfield>
    <subfield code="b">BCEJYS</subfield>
    <subfield code="c">17</subfield>
    <subfield code="d">1992-08-01</subfield>
    <subfield code="h">A&#xF1;o 11, N&#xBA; 113 - ago. 1992</subfield>
    <subfield code="l">0</subfield>
    <subfield code="o">H330 COY 113</subfield>
    <subfield code="p">R11158</subfield>
    <subfield code="r">2026-04-10 16:08:13</subfield>
    <subfield code="w">2026-04-10</subfield>
    <subfield code="y">RN</subfield>
  </datafield>
  <datafield tag="952" ind1=" " ind2=" ">
    <subfield code="0">0</subfield>
    <subfield code="1">0</subfield>
    <subfield code="4">0</subfield>
    <subfield code="7">0</subfield>
    <subfield code="a">BCEJYS</subfield>
    <subfield code="b">BCEJYS</subfield>
    <subfield code="c">17</subfield>
    <subfield code="d">1992-07-01</subfield>
    <subfield code="h">A&#xF1;o 10, N&#xBA; 112 - jul. 1992</subfield>
    <subfield code="l">0</subfield>
    <subfield code="o">H330 COY 112</subfield>
    <subfield code="p">R11157</subfield>
    <subfield code="r">2026-04-10 16:08:13</subfield>
    <subfield code="w">2026-04-10</subfield>
    <subfield code="y">RN</subfield>
  </datafield>
  <datafield tag="952" ind1=" " ind2=" ">
    <subfield code="0">0</subfield>
    <subfield code="1">0</subfield>
    <subfield code="4">0</subfield>
    <subfield code="7">0</subfield>
    <subfield code="a">BCEJYS</subfield>
    <subfield code="b">BCEJYS</subfield>
    <subfield code="c">17</subfield>
    <subfield code="d">1992-05-01</subfield>
    <subfield code="h">A&#xF1;o 10, N&#xBA; 110 - mayo 1992</subfield>
    <subfield code="l">0</subfield>
    <subfield code="o">H330 COY 110</subfield>
    <subfield code="p">R11156</subfield>
    <subfield code="r">2026-04-10 16:08:13</subfield>
    <subfield code="w">2026-04-10</subfield>
    <subfield code="y">RN</subfield>
  </datafield>
  <datafield tag="952" ind1=" " ind2=" ">
    <subfield code="0">0</subfield>
    <subfield code="1">0</subfield>
    <subfield code="4">0</subfield>
    <subfield code="7">0</subfield>
    <subfield code="a">BCEJYS</subfield>
    <subfield code="b">BCEJYS</subfield>
    <subfield code="c">17</subfield>
    <subfield code="d">1992-04-01</subfield>
    <subfield code="h">A&#xF1;o 10, N&#xBA; 109 - abr. 1992</subfield>
    <subfield code="l">0</subfield>
    <subfield code="o">H330 COY 109</subfield>
    <subfield code="p">R11155</subfield>
    <subfield code="r">2026-04-10 16:08:13</subfield>
    <subfield code="w">2026-04-10</subfield>
    <subfield code="y">RN</subfield>
  </datafield>
  <datafield tag="952" ind1=" " ind2=" ">
    <subfield code="0">0</subfield>
    <subfield code="1">0</subfield>
    <subfield code="4">0</subfield>
    <subfield code="7">0</subfield>
    <subfield code="a">BCEJYS</subfield>
    <subfield code="b">BCEJYS</subfield>
    <subfield code="c">17</subfield>
    <subfield code="d">1992-03-01</subfield>
    <subfield code="h">A&#xF1;o 10, N&#xBA; 108 - mar. 1992</subfield>
    <subfield code="l">0</subfield>
    <subfield code="o">H330 COY 108</subfield>
    <subfield code="p">R11154</subfield>
    <subfield code="r">2026-04-10 16:08:13</subfield>
    <subfield code="w">2026-04-10</subfield>
    <subfield code="y">RN</subfield>
  </datafield>
  <datafield tag="952" ind1=" " ind2=" ">
    <subfield code="0">0</subfield>
    <subfield code="1">0</subfield>
    <subfield code="4">0</subfield>
    <subfield code="7">0</subfield>
    <subfield code="a">BCEJYS</subfield>
    <subfield code="b">BCEJYS</subfield>
    <subfield code="c">17</subfield>
    <subfield code="d">1992-02-01</subfield>
    <subfield code="h">A&#xF1;o 10, N&#xBA; 107 - feb. 1992</subfield>
    <subfield code="l">0</subfield>
    <subfield code="o">H330 COY 107</subfield>
    <subfield code="p">R11153</subfield>
    <subfield code="r">2026-04-10 16:08:13</subfield>
    <subfield code="w">2026-04-10</subfield>
    <subfield code="y">RN</subfield>
  </datafield>
  <datafield tag="952" ind1=" " ind2=" ">
    <subfield code="0">0</subfield>
    <subfield code="1">0</subfield>
    <subfield code="4">0</subfield>
    <subfield code="7">0</subfield>
    <subfield code="a">BCEJYS</subfield>
    <subfield code="b">BCEJYS</subfield>
    <subfield code="c">17</subfield>
    <subfield code="d">1991-12-01</subfield>
    <subfield code="h">A&#xF1;o 10, N&#xBA; 106 - dic. 1991</subfield>
    <subfield code="l">0</subfield>
    <subfield code="o">H330 COY 106</subfield>
    <subfield code="p">R11152</subfield>
    <subfield code="r">2026-04-10 16:08:13</subfield>
    <subfield code="w">2026-04-10</subfield>
    <subfield code="y">RN</subfield>
  </datafield>
  <datafield tag="952" ind1=" " ind2=" ">
    <subfield code="0">0</subfield>
    <subfield code="1">0</subfield>
    <subfield code="4">0</subfield>
    <subfield code="7">0</subfield>
    <subfield code="a">BCEJYS</subfield>
    <subfield code="b">BCEJYS</subfield>
    <subfield code="c">17</subfield>
    <subfield code="d">1991-11-01</subfield>
    <subfield code="h">A&#xF1;o 10, N&#xBA; 105 - nov. 1991</subfield>
    <subfield code="l">0</subfield>
    <subfield code="o">H330 COY 105</subfield>
    <subfield code="p">R11151</subfield>
    <subfield code="r">2026-04-10 16:08:13</subfield>
    <subfield code="w">2026-04-10</subfield>
    <subfield code="y">RN</subfield>
  </datafield>
  <datafield tag="952" ind1=" " ind2=" ">
    <subfield code="0">0</subfield>
    <subfield code="1">0</subfield>
    <subfield code="4">0</subfield>
    <subfield code="7">0</subfield>
    <subfield code="a">BCEJYS</subfield>
    <subfield code="b">BCEJYS</subfield>
    <subfield code="c">17</subfield>
    <subfield code="d">1991-10-01</subfield>
    <subfield code="h">A&#xF1;o 10, N&#xBA; 104 - oct. 1991</subfield>
    <subfield code="l">0</subfield>
    <subfield code="o">H330 COY 104</subfield>
    <subfield code="p">R11150</subfield>
    <subfield code="r">2026-04-10 16:08:13</subfield>
    <subfield code="w">2026-04-10</subfield>
    <subfield code="y">RN</subfield>
  </datafield>
  <datafield tag="952" ind1=" " ind2=" ">
    <subfield code="0">0</subfield>
    <subfield code="1">0</subfield>
    <subfield code="4">0</subfield>
    <subfield code="7">0</subfield>
    <subfield code="a">BCEJYS</subfield>
    <subfield code="b">BCEJYS</subfield>
    <subfield code="c">17</subfield>
    <subfield code="d">1991-07-01</subfield>
    <subfield code="h">A&#xF1;o 10, N&#xBA; 101 - jul. 1991</subfield>
    <subfield code="l">0</subfield>
    <subfield code="o">H330 COY 101</subfield>
    <subfield code="p">R11149</subfield>
    <subfield code="r">2026-04-10 16:08:13</subfield>
    <subfield code="w">2026-04-10</subfield>
    <subfield code="y">RN</subfield>
  </datafield>
  <datafield tag="952" ind1=" " ind2=" ">
    <subfield code="0">0</subfield>
    <subfield code="1">0</subfield>
    <subfield code="4">0</subfield>
    <subfield code="7">0</subfield>
    <subfield code="a">BCEJYS</subfield>
    <subfield code="b">BCEJYS</subfield>
    <subfield code="c">17</subfield>
    <subfield code="d">1991-06-01</subfield>
    <subfield code="h">A&#xF1;o 9, N&#xBA; 100 - jun. 1991</subfield>
    <subfield code="l">0</subfield>
    <subfield code="o">H330 COY 100</subfield>
    <subfield code="p">R11148</subfield>
    <subfield code="r">2026-04-10 16:08:13</subfield>
    <subfield code="w">2026-04-10</subfield>
    <subfield code="y">RN</subfield>
  </datafield>
  <datafield tag="952" ind1=" " ind2=" ">
    <subfield code="0">0</subfield>
    <subfield code="1">0</subfield>
    <subfield code="4">0</subfield>
    <subfield code="7">0</subfield>
    <subfield code="a">BCEJYS</subfield>
    <subfield code="b">BCEJYS</subfield>
    <subfield code="c">17</subfield>
    <subfield code="d">1991-05-01</subfield>
    <subfield code="h">A&#xF1;o 9, N&#xBA; 99 - mayo 1991</subfield>
    <subfield code="l">0</subfield>
    <subfield code="o">H330 COY 99</subfield>
    <subfield code="p">R11147</subfield>
    <subfield code="r">2026-04-10 16:08:13</subfield>
    <subfield code="w">2026-04-10</subfield>
    <subfield code="y">RN</subfield>
  </datafield>
  <datafield tag="952" ind1=" " ind2=" ">
    <subfield code="0">0</subfield>
    <subfield code="1">0</subfield>
    <subfield code="4">0</subfield>
    <subfield code="7">0</subfield>
    <subfield code="a">BCEJYS</subfield>
    <subfield code="b">BCEJYS</subfield>
    <subfield code="c">17</subfield>
    <subfield code="d">1991-04-01</subfield>
    <subfield code="h">A&#xF1;o 9, N&#xBA; 98 - abr. 1991</subfield>
    <subfield code="l">0</subfield>
    <subfield code="o">H330 COY 98</subfield>
    <subfield code="p">R11146</subfield>
    <subfield code="r">2026-04-10 16:08:13</subfield>
    <subfield code="w">2026-04-10</subfield>
    <subfield code="y">RN</subfield>
  </datafield>
  <datafield tag="952" ind1=" " ind2=" ">
    <subfield code="0">0</subfield>
    <subfield code="1">0</subfield>
    <subfield code="4">0</subfield>
    <subfield code="7">0</subfield>
    <subfield code="a">BCEJYS</subfield>
    <subfield code="b">BCEJYS</subfield>
    <subfield code="c">17</subfield>
    <subfield code="d">1991-03-01</subfield>
    <subfield code="h">A&#xF1;o 9, N&#xBA; 97 - mar. 1991</subfield>
    <subfield code="l">0</subfield>
    <subfield code="o">H330 COY 97</subfield>
    <subfield code="p">R11145</subfield>
    <subfield code="r">2026-04-10 16:08:13</subfield>
    <subfield code="w">2026-04-10</subfield>
    <subfield code="y">RN</subfield>
  </datafield>
  <datafield tag="952" ind1=" " ind2=" ">
    <subfield code="0">0</subfield>
    <subfield code="1">0</subfield>
    <subfield code="4">0</subfield>
    <subfield code="7">0</subfield>
    <subfield code="a">BCEJYS</subfield>
    <subfield code="b">BCEJYS</subfield>
    <subfield code="c">17</subfield>
    <subfield code="d">1991-02-01</subfield>
    <subfield code="h">A&#xF1;o 9, N&#xBA; 96 - feb. 1991</subfield>
    <subfield code="l">0</subfield>
    <subfield code="o">H330 COY 96</subfield>
    <subfield code="p">R11144</subfield>
    <subfield code="r">2026-04-10 16:08:13</subfield>
    <subfield code="w">2026-04-10</subfield>
    <subfield code="y">RN</subfield>
  </datafield>
  <datafield tag="952" ind1=" " ind2=" ">
    <subfield code="0">0</subfield>
    <subfield code="1">0</subfield>
    <subfield code="4">0</subfield>
    <subfield code="7">0</subfield>
    <subfield code="a">BCEJYS</subfield>
    <subfield code="b">BCEJYS</subfield>
    <subfield code="c">17</subfield>
    <subfield code="d">1990-12-01</subfield>
    <subfield code="h">A&#xF1;o 9, N&#xBA; 95 - dic. 1990</subfield>
    <subfield code="l">0</subfield>
    <subfield code="o">H330 COY 95</subfield>
    <subfield code="p">R11143</subfield>
    <subfield code="r">2026-04-10 16:08:13</subfield>
    <subfield code="w">2026-04-10</subfield>
    <subfield code="y">RN</subfield>
  </datafield>
  <datafield tag="952" ind1=" " ind2=" ">
    <subfield code="0">0</subfield>
    <subfield code="1">0</subfield>
    <subfield code="4">0</subfield>
    <subfield code="7">0</subfield>
    <subfield code="a">BCEJYS</subfield>
    <subfield code="b">BCEJYS</subfield>
    <subfield code="c">17</subfield>
    <subfield code="d">1990-11-01</subfield>
    <subfield code="h">A&#xF1;o 9, N&#xBA; 94 - nov. 1990</subfield>
    <subfield code="l">0</subfield>
    <subfield code="o">H330 COY 94</subfield>
    <subfield code="p">R11142</subfield>
    <subfield code="r">2026-04-10 16:08:13</subfield>
    <subfield code="w">2026-04-10</subfield>
    <subfield code="y">RN</subfield>
  </datafield>
  <datafield tag="952" ind1=" " ind2=" ">
    <subfield code="0">0</subfield>
    <subfield code="1">0</subfield>
    <subfield code="4">0</subfield>
    <subfield code="7">0</subfield>
    <subfield code="a">BCEJYS</subfield>
    <subfield code="b">BCEJYS</subfield>
    <subfield code="c">17</subfield>
    <subfield code="d">1990-09-01</subfield>
    <subfield code="h">A&#xF1;o 9, N&#xBA; 92 - sep. 1990</subfield>
    <subfield code="l">0</subfield>
    <subfield code="o">H330 COY 92</subfield>
    <subfield code="p">R11141</subfield>
    <subfield code="r">2026-04-10 16:08:13</subfield>
    <subfield code="w">2026-04-10</subfield>
    <subfield code="y">RN</subfield>
  </datafield>
  <datafield tag="952" ind1=" " ind2=" ">
    <subfield code="0">0</subfield>
    <subfield code="1">0</subfield>
    <subfield code="4">0</subfield>
    <subfield code="7">0</subfield>
    <subfield code="a">BCEJYS</subfield>
    <subfield code="b">BCEJYS</subfield>
    <subfield code="c">17</subfield>
    <subfield code="d">1990-08-01</subfield>
    <subfield code="h">A&#xF1;o 9, N&#xBA; 91 - ago. 1990</subfield>
    <subfield code="l">0</subfield>
    <subfield code="o">H330 COY 91</subfield>
    <subfield code="p">R11140</subfield>
    <subfield code="r">2026-04-10 16:08:13</subfield>
    <subfield code="w">2026-04-10</subfield>
    <subfield code="y">RN</subfield>
  </datafield>
  <datafield tag="952" ind1=" " ind2=" ">
    <subfield code="0">0</subfield>
    <subfield code="1">0</subfield>
    <subfield code="4">0</subfield>
    <subfield code="7">0</subfield>
    <subfield code="a">BCEJYS</subfield>
    <subfield code="b">BCEJYS</subfield>
    <subfield code="c">17</subfield>
    <subfield code="d">1990-07-01</subfield>
    <subfield code="h">A&#xF1;o 9, N&#xBA; 90 - jul. 1990</subfield>
    <subfield code="l">0</subfield>
    <subfield code="o">H330 COY 90</subfield>
    <subfield code="p">R11139</subfield>
    <subfield code="r">2026-04-10 16:08:13</subfield>
    <subfield code="w">2026-04-10</subfield>
    <subfield code="y">RN</subfield>
  </datafield>
  <datafield tag="952" ind1=" " ind2=" ">
    <subfield code="0">0</subfield>
    <subfield code="1">0</subfield>
    <subfield code="4">0</subfield>
    <subfield code="7">0</subfield>
    <subfield code="a">BCEJYS</subfield>
    <subfield code="b">BCEJYS</subfield>
    <subfield code="c">17</subfield>
    <subfield code="d">1990-06-01</subfield>
    <subfield code="h">A&#xF1;o 8, N&#xBA; 89 - jun. 1990</subfield>
    <subfield code="l">0</subfield>
    <subfield code="o">H330 COY 89</subfield>
    <subfield code="p">R11138</subfield>
    <subfield code="r">2026-04-10 16:08:13</subfield>
    <subfield code="w">2026-04-10</subfield>
    <subfield code="y">RN</subfield>
  </datafield>
  <datafield tag="952" ind1=" " ind2=" ">
    <subfield code="0">0</subfield>
    <subfield code="1">0</subfield>
    <subfield code="4">0</subfield>
    <subfield code="7">0</subfield>
    <subfield code="a">BCEJYS</subfield>
    <subfield code="b">BCEJYS</subfield>
    <subfield code="c">17</subfield>
    <subfield code="d">1990-05-01</subfield>
    <subfield code="h">A&#xF1;o 8, N&#xBA; 88 - mayo 1990</subfield>
    <subfield code="l">0</subfield>
    <subfield code="o">H330 COY 88</subfield>
    <subfield code="p">R11137</subfield>
    <subfield code="r">2026-04-10 16:08:13</subfield>
    <subfield code="w">2026-04-10</subfield>
    <subfield code="y">RN</subfield>
  </datafield>
  <datafield tag="952" ind1=" " ind2=" ">
    <subfield code="0">0</subfield>
    <subfield code="1">0</subfield>
    <subfield code="4">0</subfield>
    <subfield code="7">0</subfield>
    <subfield code="a">BCEJYS</subfield>
    <subfield code="b">BCEJYS</subfield>
    <subfield code="c">17</subfield>
    <subfield code="d">1983-08-01</subfield>
    <subfield code="h">A&#xF1;o 2, N&#xBA; 14 - ago. 1983</subfield>
    <subfield code="l">0</subfield>
    <subfield code="o">H330 COY 14</subfield>
    <subfield code="p">R11136</subfield>
    <subfield code="r">2026-04-10 16:08:13</subfield>
    <subfield code="w">2026-04-10</subfield>
    <subfield code="y">RN</subfield>
  </datafield>
</record>
